Chasing tomorrow (Record no. 137304)

000 -LEADER
fixed length control field 00339nam a2200133Ia 4500
008 - FIXED-LENGTH DATA ELEMENTS--GENERAL INFORMATION
fixed length control field 220120s9999||||xx |||||||||||||| ||und||
020 ## - INTERNATIONAL STANDARD BOOK NUMBER
International Standard Book Number 81-203-0752-6
082 ## - DEWEY DECIMAL CLASSIFICATION NUMBER
Classification number 823 BAG
100 ## - MAIN ENTRY--PERSONAL NAME
Personal name Bagshawe, Tilly
245 #0 - TITLE STATEMENT
Title Chasing tomorrow
260 ## - PUBLICATION, DISTRIBUTION, ETC.
Place of publication, distribution, etc. Harper Collins
Name of publisher, distributor, etc. Pune
Date of publication, distribution, etc. 2014
300 ## - PHYSICAL DESCRIPTION
Other physical details 195
650 ## - SUBJECT ADDED ENTRY--TOPICAL TERM
Topical term or geographic name entry element INSTRUMENT AND MEASURMENTATION
Holdings
Withdrawn status Lost status Damaged status Not for loan Collection code Home library Current library Date acquired Total Checkouts Barcode Date last seen Date last checked out Price effective from Koha item type
        Humanity Science Central Library Central Library 01/20/2022 1 GF1163 12/10/2022 11/23/2022 01/20/2022 Gift Books

Powered by Koha